A history of drugs

Zapisane w:
Opis bibliograficzny
1. autor: Mez-Mangold, Lydia
Format: Książka
Język:Undetermined
Wydane: Switzerland F. Hoffmann/La Roche 1971
Hasła przedmiotowe:
Etykiety: Dodaj etykietę
Nie ma etykietki, Dołącz pierwszą etykiete!
Thư viện lưu trữ: Trung tâm Học liệu Trường Đại học Cần Thơ
LEADER 00487nam a2200193Ia 4500
001 CTU_104537
008 210402s9999 xx 000 0 und d
082 |a 615.109 
082 |b M617 
100 |a Mez-Mangold, Lydia 
245 2 |a A history of drugs 
245 0 |c Lydia Mez-Mangold 
260 |a Switzerland 
260 |b F. Hoffmann/La Roche 
260 |c 1971 
650 |a Drugs 
650 |x History 
904 |i Truc 
980 |a Trung tâm Học liệu Trường Đại học Cần Thơ